000 01245nam a22002537a 4500
005 20170124103055.0
010 _aB-069046
020 _c150.00
_a8188382094
035 _aB-069046
037 _bCen Lib/Ret
040 _aDPL
_bHN
082 _a
_bप्रेमचंद
100 _aप्रेमचंद
_971641
245 _aमोटेराम शाश्त्री तथा अन्य व्यंग्यात्मक कहानियां /
_cमुंशी प्रेमचंद
246 _aMoteram shahstri tatha anya vyngyatmak kahaniayan
_bby Munshi Premchand
260 _aनई दिल्ली
_bस्नेह साहित्य सदन
_c2002
270 _a3072/9, प्रताप स्ट्रीट गोला मार्किट दरिया गंज
_bनई दिल्ली
_e110002
300 _a128पृष्ठ.
_c21सेमी(सजिल्द)
650 _aहिंदी साहित्य
_971642
650 _aहिंदी कहानी - व्यंग्यात्मक
_971643
650 _aHindi literature
_971644
650 _aHindi story Satiric
_971645
942 _2ddc
_cHN
_h
_mप्रेमचंद
999 _c117385
_d117385